<The> impact of EU tax policy on tax systems

Globalizácia a daňová politika v Európskej únii. Základy a ciele daňovej politiky EÚ. Spoločné postupy členských štátov Európskej únie vo vybraných oblastiach daňovej politiky. Spoločné postupy EÚ vo vybraných oblastiach priamych daní. Spoločné postupy EÚ vo vybraných oblastiach nepriamych daní. Har...

Descrizione completa

Salvato in:
Dettagli Bibliografici
Autore principale: Schultzová, Anna
Altri autori: Repková, Denisa, 1983-
Natura: Capitolo di libro
Lingua:inglese
Soggetti:
Tags: Aggiungi Tag
Nessun Tag, puoi essere il primo ad aggiungerne!!

MARC

LEADER 00000naa$a2200000$$$4500
001 0076201
005 20240502083214.2
041 0 |a eng 
044 |a PL 
245 1 0 |a <The> impact of EU tax policy on tax systems  |c Anna Schultzová, Denisa Repková 
520 |a Globalizácia a daňová politika v Európskej únii. Základy a ciele daňovej politiky EÚ. Spoločné postupy členských štátov Európskej únie vo vybraných oblastiach daňovej politiky. Spoločné postupy EÚ vo vybraných oblastiach priamych daní. Spoločné postupy EÚ vo vybraných oblastiach nepriamych daní. Harmonizácia daní v rámci členských štátov Európskej únie. 
610 2 0 |a dane 
610 2 0 |a politika daňová 
610 2 0 |a systémy daňové 
610 2 0 |a dane priame 
610 2 0 |a dane nepriame 
610 2 0 |a trh spoločný 
610 2 0 |a Európska únia 
100 1 |a Schultzová, Anna 
700 1 |a Repková, Denisa, 1983-